000 00443nam a2200181Ia 4500
001 19062
005 20260306171716.0
008 260306s9999||||xx |||||||||||||| ||und||
041 _aESP
082 _a658.803
_bE56
100 _aFerré Trenzano, José María
_eAUT
245 0 _aEnciclopedia de marketing y ventas
260 _c2004
300 _a879 páginas :
_c26 cm.
650 _aGEN
654 _aCAN
942 _cLIB
_dJUS
_fJUS
_2ddc
_n
999 _c19062
_d19062